Centres d'informació i recursos per a dones : una proposta de model funcional i de gestió / [textos: Natalia Paleo Mosquera] una proposta de model funcional i de gestió / [textos:
ISBN:
84-9803-171-0
Publicado:
Barcelona :
Diputació de Barcelona. Àrea d'Igualtat i Ciutadania. Servei de Promoció de Polítiques d'Igualtat Dona - Home ,
2007
Descripción Física:
96 p. : gràf. ; 30 cm
Materias:
Dones -- Serveis d'informació
MARC
| LEADER | 00000nam a2200000Ia 4500 | ||
|---|---|---|---|
| 001 | 19054 | ||
| 008 | 160829s2007 xx 000 0 cat d | ||
| 020 | |a 84-9803-171-0 | ||
| 080 | |a M-5-420 | ||
| 100 | |a Paleo Mosquera, Natalia |9 44885 | ||
| 245 | |a Centres d'informació i recursos per a dones : |b una proposta de model funcional i de gestió / [textos: |b Natalia Paleo Mosquera] | ||
| 250 | |a 2a ed. | ||
| 260 | |a Barcelona : |b Diputació de Barcelona. Àrea d'Igualtat i Ciutadania. Servei de Promoció de Polítiques d'Igualtat Dona - Home, |c 2007 | ||
| 300 | |a 96 p. : |b gràf. ; |c 30 cm | ||
| 490 | |a Documents de Treball. Sèrie Igualtat i Ciutadania, 1 | ||
| 590 | |a Bibliografia | ||
| 650 | |a Dones |x Serveis d'informació |9 44886 | ||
| 710 | 1 | |a Barcelona (Catalunya : Província). |b Servei de Promoció de Polítiques d'Igualtat Dona-Home |9 54961 | |
| 901 | |a Arxiu | ||
| 942 | |n 1 | ||
| 952 | |0 0 |1 0 |4 0 |6 M5420 |7 1 |9 52226 |a Arxiu |b Arxiu |d 2016-12-01 |l 0 |o M-5-420 |p 19054 |r 2016-12-01 00:00:00 |w 2016-12-01 |y ARXIU | ||
| 999 | |c 56074 |d 56074 | ||